| 000 | 00618nam a2200193 a 4500 | ||
|---|---|---|---|
| 005 | 20210223131019.0 | ||
| 008 | 090608s2006 es r 000 0 spa d | ||
| 020 | _a8478716692 | ||
| 035 | _aUPN01000171054 | ||
| 049 | _aI | ||
| 050 | 4 |
_aPZ74.9 _bH4.2 |
|
| 100 | 1 |
_aHernández Ripoll, J. M., _d1958- |
|
| 245 | 1 | 0 |
_aCuentos de todos los colores : _bAmérica / _cJ. M. Hernández Ripoll, Aro Sáinz de la Maza. |
| 260 |
_aBarcelona, Esp. : _bRBA, _c2006. |
||
| 300 |
_a123 p. : _bil. col. |
||
| 650 | 4 |
_aCUENTOS INFANTILES AMERICANOS _912340 |
|
| 700 | 1 |
_aSáinz de la Maza, Aro, _d1959- , _ecoaut. |
|
| 905 | _aInfantil | ||
| 999 |
_c143159 _d143159 |
||